02546nam a2200313Ia 450000500170000000800410001704000440005804100080010208200180011011000240012824201330015224501240028525001470040926002290055630000760078550005810086150503640144250600210180654600210182761000680184865000420191665000380195865000340199665000370203070000450206770000400211270000410215270000390219320210603153946.0130821k18741876gw fr 1 lat  aCo-BoUCMbspacSandra YazodSandra Yazo0 alat04a264.020362202 aIglesia Católica 00aPontifical RomanobFascículo I [II- III]cEditado por mandato de Clemente VIII y de Urbano VIII ; Aprobado por Benedicto XIV. 10aPontificale Romanumb Fasciculis I [II- III]cClementis VIII ac Urbani VIII jussu editum et a Benedicto XIV recognitum. aEdditio Nova [última edición] bConcinnata opera et studio Wolgangi Mühlbauer [Elaborada por la cuidadosa tarea de Wolfganf Mühlbauer] aAugustae Vindelicorum [Augsburgo] (Alemania)bSumptibus Librariae Kranzfelderianae ; Typis Instituti Liter. Dr. M. Huttler [A expensas de La Librería de Kranzfelder ; Establecimiento tipográfico del Dr. M. Huttler]c1874 a3 fascículos (v, v, vi, 207 ; 240 ; 241 - 460 páginas)c19 x 13 cm. aDetalles físicos: Encuadernación rústica: lomo y tapas de cartulina. Tapa delantera con datos de publicación enmarcados en un doble recuadro. Licencias Pontificias. Texto impreso en una sola columna, con diferentes tipos y tamaños de letra. Mayúsculas capitales. Algunas imágenes dentro del texto. Índice. Hojas sin refilar, tapas sucias y deterioradas en los bordes y en el lomo. Residuos de cintas pegantes antiguas en lomo y tapas. Fascículo I: páginas iniciales y 105, 195 a 206, desprendidas. Fascículo I: páginas 5 a 8, rasgadas en borde vertical0 aV.1: Parte Primera: Título IX - XII: Las sagradas órdenes, en general ; Ordenación de subdiáconos ; Ordenación de diáconos ; Ordenación de presbíteros -- V.2 y V.3: Parte Segunda: Título II: Ritual para la dedicación y consagración de iglesias ; Normas litúrgicas y prescripciones canónicas acerca de la dedicación de las Iglesias. aConsulta en sala aTexto en latín aIglesia CatólicaxRitos y ceremoniasxObras anteriores a 1800 7aEucaristíaxObras anteriores a 1800 aLiturgiaxObras anteriores a 1800 aMisaxObras anteriores a 1800 aMisalesxObras anteriores a 18001 aMühlbauer, Wolfgangd1826-1892eeditor1 aClemente bVIIIcPapad1536-1605‏1 aUrbano‏bVIIIcPapad1568-1644‏ 1 a Catalani, Giusepped1698-1764‏